00604cam a22002411 4500001001300000003000400013005001700017008004100034010001700075015002200092035002000114040001800134042001200152050001800164100001700182245002000199250001300219260003600232300001500268500004600283650001600329999001700345sa 68013876 DLC20260227112627.0870921m19659999io 000 0 ind  asa 68013876  aPL 480: Indo-4507 a(OCoLC)23544418 aDLCcMiUdDLC apremarc00aBP166.2b.A651 aArifin, Bey.10aMengenal Tuhan. aTjet. 2. aBandung,bU. H. Mansoorc[1965- av.c22 cm. aPidato²... melalui tjorong R. R. I. ..." 0aGod (Islam) c85417d85417